| 000 | 00992nam a2200229 a 4500 | ||
|---|---|---|---|
| 008 | 120416s1968 ||||||||||||||||| || u | ||
| 020 | _a0330020315 | ||
| 050 | _aHD 70.U5 Dru | ||
| 100 | _aDrucker, Peter Ferdinand, 1909- | ||
| 245 | 1 | 4 | _aThe practice of management |
| 250 | _a2nd.ed | ||
| 260 |
_aLondon _bPan Books _c1968 |
||
| 300 | _a360p | ||
| 350 | _a0.00 | ||
| 490 | _aPan piper management series | ||
| 500 | _aBibliography: p. [467]-469. | ||
| 650 | _aIndustrial management--United States | ||
| 650 | 0 | _aMANAGEMENT | |
| 995 |
_aBINDERY (DAMAGED) _D0.00 _e702511 _FCBU-MAIN LIBRARY (Kitwe) _H2 _I3.00 _jHD 70.U5 Dru _M2 _UDAMAGED _y702511 _ZMain Library Open Access Collection |
||
| 995 |
_aTEXTBOOKS (SB) _D0.00 _e1236 _FCBU-SCHOOL TEXTBOOK COLLECTIONS _H1 _I0.00 _jSCHOOL TEXTBOOK _M3 _UAVAILABLE _WSep 16, 2009 _y1236 _ZSchool Collections |
||
| 995 |
_aBINDERY (DAMAGED) _D0.00 _e716099 _FCBU-MAIN LIBRARY (Kitwe) _H1 _I3.00 _jHD 70.U5 Dru _M1 _UDAMAGED _y004041 _ZMain Library Open Access Collection |
||
| 999 |
_c77004 _d77004 |
||